000 00405nam a2200169Ia 4500
003 0STCL
008 150530s9999 xx 000 0 und d
040 _aSTCL
_cSTCL
100 _aSwarnalata Agrawal
245 _aBharathiya Sanskrithi Ke Mooladar
260 _bRajasthan Prakashan; Jaipur
_c1982
300 _a0
546 _aEnglish
942 _2ddc
_cBK
999 _c65603
_d65603
005 20220125171310.0